Políticas y estrategias de industrialización en América Latina en los años ochenta /
Guardado en:
| Autor principal: | |
|---|---|
| Formato: | Texto |
| Materias: | |
| Etiquetas: |
Agregar Etiqueta
Sin Etiquetas, Sea el primero en etiquetar este registro!
|
MARC
| LEADER | 00000 a a2200000 04500 | ||
|---|---|---|---|
| 001 | 42244 | ||
| 003 | |||
| 040 | |||
| 100 | |a Vásquez Juárez, Marío Gabriel | ||
| 245 | |a Políticas y estrategias de industrialización en América Latina en los años ochenta / |c Marío Gabriel Vásquez Juárez | ||
| 650 | |a RECESION ECONOMICA | ||
| 650 | |a AMERICA LATINA | ||
| 650 | |a CUADROS ESTADISTICOS | ||
| 650 | |a ECONOMIA REGIONAL | ||
| 650 | |a SUBDESARROLLO | ||
| 650 | |a MERCADO | ||
| 650 | |a DESARROLLO ECONOMICO | ||
| 773 | |g volumen25, número98 (1994), páginas 141-158 | ||
| 999 | |c 20262 |d 20262 | ||
